Statistics for Progressively Harder Capital to Country Quiz - South America

Click here to take the quiz!

General Stats

  • This quiz has been taken 20 times
  • The average score is 12 of 12

Answer Stats

CountryCapital% Correct
ColombiaBogotá
100%
BrazilBrasília
100%
ArgentinaBuenos Aires
100%
VenezuelaCaracas
100%
BoliviaLa Paz or Sucre
100%
PeruLima
100%
UruguayMontevideo
100%
EcuadorQuito
100%
ChileSantiago
100%
ParaguayAsunción
95%
GuyanaGeorgetown
89%
SurinameParamaribo
74%

Score Distribution

Percentile by Number Answered

Percent of People with Each Score

Your Score History

You have not taken this quiz